Movies Quiz

Random Movies or Nominee Quiz

They Didn't Win Best Picture II Quiz Stats

Quiz Updated May 23, 2016

Challenge
Share
Tweet
Score 0/30 Timer 07:00
2 Plays Today
% Correct
E.T. the Extra-Terrestrial
99.6%
Avatar
98.8%
Black Swan
94.2%
The Wolf of Wall Street
88.4%
The Sixth Sense
87%
The Green Mile
86.9%
Mary Poppins
86.3%
American Sniper
86.1%
Apollo 13
85.5%
Good Will Hunting
85.3%
Jaws
82.9%
Raiders of the Lost Ark
81.7%
To Kill a Mockingbird
80.2%
Fargo
78.1%
Dead Poets Society
78.1%
% Correct
The Revenant
77.4%
Goodfellas
75.3%
The Graduate
75.2%
Miracle on 34th Street
63.4%
There Will Be Blood
59.9%
Cabaret
59.3%
JFK
59.1%
The Imitation Game
58.4%
Whiplash
53.8%
Mississippi Burning
48%
Deliverance
46.5%
All the President's Men
44.9%
Mr. Smith Goes to Washington
43.5%
The Hustler
39%
The Thin Red Line
36.5%

You're not logged in!

Compare scores with friends on all Sporcle quizzes.
Join for Free
OR
Log In

You Might Also Like...

Show Comments

Extras

Top Quizzes Today


Score Distribution

Your Account Isn't Verified!

In order to create a playlist on Sporcle, you need to verify the email address you used during registration. Go to your Sporcle Settings to finish the process.

Report this User

Report this user for behavior that violates our Community Guidelines.

Details: